La Universidad de Chile y su responsabilidad nacional
Gardado en:
| Autor Principal: | |
|---|---|
| Formato: | Libro |
| Idioma: | Lingua castelá |
| Publicado: |
Valparaíso
Universidad de Chile
1968
|
| Subjects: | |
| Tags: |
Engadir etiqueta
Sen Etiquetas, Sexa o primeiro en etiquetar este rexistro!
|
MARC
| LEADER | 00000nam a2200000 a 4500 | ||
|---|---|---|---|
| 001 | UCU0433 | ||
| 003 | CL-VaPUC | ||
| 008 | 960322e19680000CL |||||||||||||||||spa|d | ||
| 082 | 0 | 4 | |a 378.103 |b GON |2 21 |
| 100 | |a González Rojas, Eugenio |e author |9 355574 | ||
| 245 | 1 | 3 | |a La Universidad de Chile y su responsabilidad nacional |
| 300 | |a 32 p | ||
| 942 | |c BK | ||
| 945 | |d 19960322 00:00:00 |a cmena | ||
| 260 | |a Valparaíso |b Universidad de Chile |c 1968 | ||
| 600 | 0 | |a Universidad de Chile |9 257231 | |
| 650 | 0 | |a Universidades |9 256317 | |
| 650 | 0 | |a Educación superior |9 223851 | |
| 650 | 0 | |a Filosofía de la educación |9 258384 | |
| 583 | |a last modification |c 19960322 00:00:00 |k Rodrigo Vera | ||
| 999 | |c 245288 |d 245286 | ||
| 952 | |0 0 |1 0 |4 0 |6 378_103000000000000_GON_1968 |7 0 |8 P |9 259753 |a BIBEDU |b BIBEDU |d 2019-11-19 |i 1634097 |o 378.103 GON 1968 |p 1634097 |r 2024-01-25 |w 2019-11-19 |y BK |k EDU | ||